Galois extensions of structured ring spectra : stably dualizable groups /
Guardado en:
| Autor Principal: | |
|---|---|
| Formato: | Libro |
| Idioma: | English |
| Publicado: |
Providence, R.I. :
American Mathematical Society,
c2008.
|
| Series: | Memoirs of the American Mathematical Society,
no. 898 |
| Materias: | |
| Etiquetas: |
Agregar Etiqueta
Sin Etiquetas, Sea el primero en etiquetar este registro!
|
| LEADER | 00946cam a22002654a 4500 | ||
|---|---|---|---|
| 001 | MAT.inmabb004819 | ||
| 008 | 071106s2008####riua#####b####001#0#eng## | ||
| 005 | 20171010170214.0 | ||
| 245 | 1 | 0 | |a Galois extensions of structured ring spectra : |b stably dualizable groups / |c John Rognes. |
| 260 | |a Providence, R.I. : |b American Mathematical Society, |c c2008. | ||
| 300 | |a vii, 137 p. : |b il. ; |c 26 cm. | ||
| 490 | 0 | |a Memoirs of the American Mathematical Society, |x 0065-9266 ; |v no. 898 | |
| 504 | |a Incluye referencias bibliográficas (p. 131-132) e índice. | ||
| 510 | 4 | |a MR, |c 2009c:55007 | |
| 020 | |a 9780821840634 | ||
| 100 | 1 | |a Rognes, John. | |
| 650 | 0 | |a Galois theory. | |
| 650 | 0 | |a Ring extensions (Algebra) | |
| 650 | 0 | |a Homology theory. | |
| 650 | 0 | |a Homotopy theory. | |
| 650 | 0 | |a Commutative algebra. | |
| 084 | |a 55P43 (55M05 55P35 57T05) |2 msc2000 | ||
| 010 | |a 2007060583 | ||
| 040 | |a DLC |c DLC |d DLC | ||
| 859 | |k H |p MAMS-898 |b BIB. MATEMATICA | ||
